000 00593nam a2200205Ia 4500
008 220204s9999 xx 000 0 und d
082 _aNR:633.912.11
_bWYL
100 _aWyllie, J A
245 0 _aNotes on rubber cultivation with special reference to Portugues India
260 _aMadras
_bHigginbotham
_c1907
650 _aCastilloa elastica
650 _aCryptosteaia grendiflore
650 _aFicus elastica
650 _aHancornia speciosa
650 _aHevea brasiliensis
650 _aManihot glaziovii
650 _aRubber plants
650 _aUrceola elastica
942 _cBK
999 _c20810
_d20810